Statistics for Test Your IQ

Click here to take the quiz!

General Stats

  • This quiz has been taken 855 times
  • The average score is 8 of 15

Answer Stats

QuestionAnswer% Correct
How long was World War II?6
86%
Whose slogan is "JUST DO IT"?Nike
79%
How old was Trump when he became President70
78%
What company owns Word, Excel, and Powerpoint?Microsoft
76%
How old do you have to be to become President?35
72%
What was the last state to join the United States?Hawaii
72%
What President was assassinated in 1963?Kennedy
67%
What is the first holiday of the year?New Year's
63%
What year did the United States become a nation?1776
55%
What is the abbreviation for the colors of the rainbow?ROYGBIV
43%
What is the green pigment found in plants?Chlorophyll
41%
Who was the 22nd PresidentCleveland
22%
Whose slogan is "FOR THE BOLD"Dorito
8%
What is the freezing of dead bodies?cryonic
4%
What plants obtain nutrients from dead organisms?saprophyte
2%

Score Distribution

Percentile by Number Answered

Percent of People with Each Score

Your Score History

You have not taken this quiz